| 000 | 004620000a22001810004500 | ||
|---|---|---|---|
| 003 | LK-CoMWRAF | ||
| 008 | 230817t ||||| |||| 00| 0 eng d | ||
| 020 | _a0292750331 | ||
| 040 |
_aLK-CoMWRAF _dLK-CoMWRAF _eLK-CoMWRAF |
||
| 041 | _aeng | ||
| 082 |
_a170 _bMID |
||
| 245 |
_aMiddle eastern muslim women speak _b |
||
| 260 |
_aLondon _bUni. Texas _c1984 |
||
| 300 | _ap.399 | ||
| 490 | _aDan Danciger Publication series | ||
| 650 | _aWomen & Islam | ||
| 942 | _cBK | ||
| 999 |
_c226 _d226 |
||